| 000 | 00441nam a2200193Ia 4500 | ||
|---|---|---|---|
| 005 | 20240823022719.0 | ||
| 008 | 240823s9999||||xx |||||||||||||| ||und|| | ||
| 020 | _a81-7809-370-7 | ||
| 041 | _aENGLISH | ||
| 082 | _A158 P6 | ||
| 100 | _a"Lieberman,David J" | ||
| 245 | 0 | _aMake Peace with Anyone | |
| 250 | _a1st | ||
| 260 |
_c2006 _b"Magna,M" _aMumbai |
||
| 500 | _aYES | ||
| 650 |
_aPeace _bGeneral |
||
| 942 | _cBK | ||
| 999 |
_c179826 _d179826 |
||